01026nam a22001817a 450000500170000000800410001704000480005804100080010606000100011424503840012426000400050830000400054850001300058850400530071865000270077165000210079865000250081920240311123832.0220128s1890 cn |||gr|||| 00| 0 spa d aCO-BoUCMbspacDeissy GarciadDeissy Garcia aspa aWB 1300aEl médico práctico doméstico y enciclopedia de medicinabobra escrita con todo esmero y especialidad por varios facultativos de los más célebres de Norte y Sud América, con el objeto de presentar una guía adecuada para el tratamiento de todas las enfermedades, y, muy particularmente, aquellas que son peculiares a los trópicoscSilverio Domínguez... [y otros.] aCanadábWorld Publishing coc1890 axvii, 1292 páginasbilustraciones aTransferencia al Archivo Histórico en marzo de 2024. Investigación Emilio Quevedo, historiador de la medicina colombiana. aIncluye referencias bibliográficas e índices 0aMedicinavEnciclopedia 7aMedicina popular 7aPráctica médica